00588 2200157 4500001002100000008004100021035002000062245012600082110004400208260006200252300003200314084002200346082001600368650003400384990001200418INLIS000000000000755 ind  a0010-0924000213 aKebijakan dan Strategi Pengembangan Sistem Informasi Kesehatan Nasional (SIKNAS)cDepartemen Kesehatan Republik Indonesia aDepartemen Kesehatan Republik Indonesia aJakarta :bKementerian Kesehatan Republik Indonesiac2007 aiii, 27 halaman :c24,3 cm. a658.4038011 DEP k a658.4038011 aManagement Information System a0001182